Information India, 1989-90: (Record no. 29968)
[ view plain ]
| 000 -LEADER | |
|---|---|
| fixed length control field | 00576nam a22001817a 4500 |
| 008 - FIXED-LENGTH DATA ELEMENTS--GENERAL INFORMATION | |
| fixed length control field | 230515b |||||||| |||| 00| 0 eng d |
| 020 ## - INTERNATIONAL STANDARD BOOK NUMBER | |
| International Standard Book Number | 9788170223160 |
| 040 ## - CATALOGING SOURCE | |
| Original cataloging agency | National Science Library |
| Transcribing agency | National Science Library |
| 080 ## - UNIVERSAL DECIMAL CLASSIFICATION NUMBER | |
| Universal Decimal Classification number | R 058(540) |
| Item number | N0 |
| 100 ## - MAIN ENTRY--PERSONAL NAME | |
| Personal name | Agrawal, Suren |
| 9 (RLIN) | 8931 |
| 245 ## - TITLE STATEMENT | |
| Title | Information India, 1989-90: |
| Remainder of title | Global view |
| 260 ## - PUBLICATION, DISTRIBUTION, ETC. | |
| Place of publication, distribution, etc. | New Delhi: |
| Name of publisher, distributor, etc. | Concept Pub. Co., |
| Date of publication, distribution, etc. | 1990 |
| 300 ## - PHYSICAL DESCRIPTION | |
| Extent | ix, 530p. |
| 490 ## - SERIES STATEMENT | |
| Series statement | Concepts in communication, informatics & librarianship |
| 650 ## - SUBJECT ADDED ENTRY--TOPICAL TERM | |
| Topical term or geographic name entry element | Information science |
| 700 ## - ADDED ENTRY--PERSONAL NAME | |
| Personal name | Aggarwal, J C |
| 942 ## - ADDED ENTRY ELEMENTS (KOHA) | |
| Source of classification or shelving scheme | Universal Decimal Classification |
| Koha item type | Books |
| Withdrawn status | Lost status | Source of classification or shelving scheme | Damaged status | Not for loan | Home library | Current library | Shelving location | Date acquired | Total Checkouts | Full call number | Barcode | Date last seen | Price effective from | Koha item type |
|---|---|---|---|---|---|---|---|---|---|---|---|---|---|---|
| Universal Decimal Classification | National Science Library | National Science Library | GF/Rk-7/C-3/R-4 | 04/02/1993 | R 058(540) N0 | 171905 | 27/06/2024 | 04/02/1993 | Books |